| 000 | 00701nam a2200265 a 4500 | ||
|---|---|---|---|
| 001 | 000108334 | ||
| 003 | CHAP | ||
| 005 | 20220329144008.0 | ||
| 008 | 140129s2013 flu| |r| |||1|||eng|d | ||
| 010 | _a104796 | ||
| 011 | _a105768 | ||
| 020 | _a9781439892619 | ||
| 040 | _cCHAP | ||
| 082 | 0 | 4 |
_a333.716 _bY54 |
| 100 | 1 |
_aYoe, Charles _9125288 |
|
| 245 | 1 | 0 |
_aIntroduction to natural resource planning / _cpor Charles Yoe. |
| 260 | 3 |
_aBoca Raton, Fl. : _bCRC Press, _c2013. |
|
| 300 | _axix, 380 p. | ||
| 590 |
_aE792CSJ _b05 _c20140129 _lUCH01 _h1231 |
||
| 650 | 1 | 4 |
_aGestión medioambiental. _947805 |
| 650 | 1 | 4 |
_aRecursos naturales. _995172 |
| 901 | _aBK | ||
| 942 | _cLIBRO | ||
| 942 | _n0 | ||
| 999 |
_c104796 _d104796 |
||